000
00262nam a2200097Ia 4500
001
652693
005
20250826154443.0
008
250824s9999 xx 000 0 und d
245
0
_a
ECE YÜCE/ ECE OKULA BAŞLADI
_c
GÜLTEN DAYIOĞLU
260
_b
ALTIN KİTAP YAYINLARI
999
_c
652693
_d
652693